El infarto de Wall Street: 2008 : (Registro nro. 5660)

Detalles MARC
000 -LEADER
fixed length control field 03330nam a2200289Ia 4500
003 - CONTROL NUMBER IDENTIFIER
control field OSt
005 - DATE AND TIME OF LATEST TRANSACTION
control field 20210205154830.0
008 - FIXED-LENGTH DATA ELEMENTS--GENERAL INFORMATION
fixed length control field 191128s2009 ck ad fr 000 0dspa d
020 ## - INTERNATIONAL STANDARD BOOK NUMBER
International Standard Book Number 9789589136454
040 ## - CATALOGING SOURCE
Original cataloging agency CO-JMCR
Transcribing agency CO-JMCR
041 0# - LANGUAGE CODE
Language code of text/sound track or separate title spa
082 04 - DEWEY DECIMAL CLASSIFICATION NUMBER
Classification number 332.642 /
Item number S817i
Edition number 23
100 1# - MAIN ENTRY--PERSONAL NAME
Personal name Suárez Montoya, Aurelio,
Relator term autor
9 (RLIN) 4240
245 13 - TITLE STATEMENT
Title El infarto de Wall Street: 2008 :
Remainder of title economía de los Estados Unidos /
Statement of responsibility, etc. Aurelio Súarez Montoya
250 ## - EDITION STATEMENT
Edition statement Primera edición
260 ## - PUBLICATION, DISTRIBUTION, ETC.
Place of publication, distribution, etc. Bogotá :
Name of publisher, distributor, etc. Ediciones Aurora,
Date of publication, distribution, etc. 2009
300 ## - PHYSICAL DESCRIPTION
Extent 307 páginas :
Other physical details gráficas a blanco y negro ;
Dimensions 21 cm.
500 ## - GENERAL NOTE
General note Incluye datos biográficos del autor en solapa frontal, notas a pie de página y glosario.
504 ## - BIBLIOGRAPHY, ETC. NOTE
Bibliography, etc. note Bibliografía: páginas 297-305
505 0# - FORMATTED CONTENTS NOTE
Formatted contents note Breve historia económica de Estados Unidos -- Primer período. De la guerra y de la unión hasta el siglo XX -- Segundo periodo. De 1900 a 1929. Cómo se apuntaló a una superpotencia -- Tercer período. Desde el crac de 1929 hasta Bretton Woods, hasta la cima del capitalismo mundial -- Cuarto periodo. Del neocolonialismo al colapso de la Guerra Fría -- Quinto período. La globalización norteamericana neoliberal, desde 1989 hasta el infarto de Wall Street (2008) -- Sexto período. El infarto de Wall Street (2008-?) -- Un método para analizar la crisis -- Las contradicciones propias del capitalismo -- La segunda contradicción. Las propias del capital financiero -- Las contradicciones de la globalización -- Las contradicciones propias de Estados Unidos
520 3# - SUMMARY, ETC.
Summary, etc. La historia del desarrollo del capitalismo en los Estados Unidos, que Aurelio Suárez Montoya entrega en el presente texto, es pieza fundamental para explicar la crisis global de finales del primer decenio del siglo XXI.<br/>Así mismo, el autor presenta un método de análisis que permite entender las razones y explicar las consecuencias de los abruptos cambios que se dan periódicamente en la economía, para lo cual estudia con atención las cuatro órbitas de contradicciones que los estimulan: las propias del capitalismo, las de la forma del capital predominante "el financiero", las de la globalización neoliberal y las de Estados Unidos.<br/>Se señala en la obra el actual reto histórico de Barack Obama: unificar una sociedad hondamente fracturada y en contradicción con otros poderes como Europa, Rusia, Japón, China e India. Y se concluye que "el final dependerá de si las contradicciones internas hacen implosión y harán desaparecer las externas o si estas últimas violentarán la explotación de las primeras".<br/>Suárez Montoya es un destacado y cuidadoso investigador que ha tenido notable éxito entre el público en los tres textos que preceden a este: Modelo de FMI. Economía colombiana 1990-2000, crítica al Alca. La recolonización y El modelo agrícola colombiano y los alimentos en la globalización. El buen estilo pedagógico del escrito hace ameno el relato del infarto de Wall Street, 2008 y de las circunstancias que lo han rodeado, valioso para comprender nuestro mundo contemporáneo.
650 14 - SUBJECT ADDED ENTRY--TOPICAL TERM
Topical term or geographic name entry element Crisis económica
Chronological subdivision 2008
Geographic subdivision Estados Unidos
9 (RLIN) 5919
650 14 - SUBJECT ADDED ENTRY--TOPICAL TERM
Topical term or geographic name entry element Política económica
Geographic subdivision Estados Unidos
9 (RLIN) 5920
650 14 - SUBJECT ADDED ENTRY--TOPICAL TERM
Topical term or geographic name entry element Economía
General subdivision historia
9 (RLIN) 5921
651 ## - SUBJECT ADDED ENTRY--GEOGRAPHIC NAME
Geographic name Estados Unidos
General subdivision Condiciones económicas
Chronological subdivision 2008
9 (RLIN) 5922
942 ## - ADDED ENTRY ELEMENTS (KOHA)
Source of classification or shelving scheme Dewey Decimal Classification
Koha item type Books
Existencias
Withdrawn status Lost status Source of classification or shelving scheme Damaged status Not for loan Collection code Home library Current library Date acquired Source of acquisition Cost, normal purchase price Total Checkouts Full call number Barcode Date last seen Copy number Koha item type
    Dewey Decimal Classification     Non-fiction Biblioteca Pública José María del Castillo y Rada Biblioteca Pública José María del Castillo y Rada 04/15/2018 Donación 0.00   332.642 / S817i 430003182 05/16/2024 Ej.1 Books